Hospodaření obcí a rozpočet

Enregistré dans:
Détails bibliographiques
Auteur principal: Peková, Jitka
Format: Livre
Langue:tchèque
Publié: Praha CODEX Bohemia 1997
Sujets:
Tags: Ajouter un tag
Pas de tags, Soyez le premier à ajouter un tag!

MARC

LEADER 00000nam$a2200000$$$4500
001 0009523
005 20221129105955.0
020 |a 80-85963-34-5 
041 0 |a cze 
044 |a CZ 
245 1 0 |a Hospodaření obcí a rozpočet  |c Jitka Peková 
264 1 |a Praha  |b CODEX Bohemia  |c 1997 
300 |a 289 s. 
610 2 0 |a samospráva regionálna 
610 2 0 |a obce 
610 2 0 |a rozpočet miestny 
610 2 0 |a hospodárstvo regionálne 
100 1 |a Peková, Jitka